00905nac a22002291u 4500010001600000020001500016082001500031090001500046100003400061245006800095260004400163300002600207500002500233504005300258511002800311650002600339856008600365856007400451942001700525999001500542952011800557 a 00034264 a075064580600a658.3bSTR c8867d8867 aStredwick, John. 13aAn introduction to human resource management /cJohn Stredwick. aBoston :bButterworth-Heinemann,c2000. axiv, 393 p. ;c24 cm. aDistributer: Baccah. aIncludes bibliographical references and indexes. aCatalogued By: Mahitab. 0aPersonnel management.423Publisher descriptionuhttp://www.loc.gov/catdir/description/els031/00034264.html423Table of contentsuhttp://www.loc.gov/catdir/toc/els031/00034264.html cBBk658.3STR c8867d8867 00104070aMAINbMAINc1STd2008-03-26ePurchasel2m1o658.3STRp000010839r2025-07-15 00:00:00s2015-09-09yBB